A biomechanical analysis of the horizontal jump performed by selected deaf preschool children /

Bibliographic Details
Main Author: Scott, Martha J.
Format: Thesis Microform Book
Language:English
Published: [Place of publication not identified] : [publisher not identified] ; 1979.
Subjects:

MARC

Tag First Indicator Second Indicator Subfields
LEADER 00000cam a2200000 a 4500
001 in00000438321
005 20151012065101.0
007 he bm----b---
008 811017s1979 xx bb 00010 eng d
035 |a (OCoLC)07854989 
035 |9 ABW3081AM 
040 |a Univ. of Oregon  |c XBM  |d XBM  |d TXA  |d UtOrBLW 
049 |a TXAI 
082 0 |a 796.432 
099 |a fiche  |a C  |a 4263 
100 1 |a Scott, Martha J. 
245 1 2 |a A biomechanical analysis of the horizontal jump performed by selected deaf preschool children /  |c by Martha J. Scott. 
264 1 |a [Place of publication not identified] :  |b [publisher not identified] ;  |c 1979. 
300 |a x, 141 leaves. 
336 |a text  |b txt  |2 rdacontent 
337 |a microform  |b h  |2 rdamedia 
338 |a microfiche  |b he  |2 rdacarrier 
500 |a Vita. 
502 |b M.A.  |c Texas Woman's University  |d 1979. 
504 |a Bibliography: leaves 138-141. 
533 |a Microfiche.  |b Eugene, Or. :  |c Microform Publications, College of Health, Physical Education and Recreation, University of Oregon,  |d 1981.  |e 2 microfiches : negative ; 11 x 15 cm. 
500 |a Microform. 
650 0 |a Jumping  |x Physiological aspects. 
650 0 |a Human mechanics. 
650 0 |a Deaf children. 
650 0 |a Deafness in children. 
999 |a MARS 
999 f f |s 2ca87a93-5244-31f8-aeba-c5356c932348  |i b8f67287-5b4d-35a7-a3a8-02f6e0333a2b  |t 0 
952 f f |p normal  |a Texas A&M University  |b College Station  |c Sterling C. Evans Library  |d Evans: Microforms (3rd floor)  |t 0  |e fiche C 4263  |h Other scheme  |i microform -- microfiche  |m A14821767826 
998 f f |a fiche C 4263  |t 0  |l Evans: Microforms (3rd floor)